000
00293nam a2200121Ia 4500
008
230524s9999 xx 000 0 und d
100
_a
Cay Horstmann
245
0
_a
Object-Oriented Design and Patterns
260
_b
J.Wiley
500
_a
Quantity Number: 2
650
_a
Comp-Sc
942
_c
BK
999
_c
49969
_d
49969